000 00691nam a2200217 i 4500
001 26166
003 ES-MaACL
005 20251015063043.0
007 t|
008 030108s1962 sp ||||1| spa d
100 1 _aAron, Raymond,
_d1905-1983
_923155
245 1 0 _aDimensiones de la conciencia histórica /
_cRaymond Aron ; [Traducción de Pedro López Cortezo].
260 _aMadrid :
_bTecnos,
_c[1962]
300 _a209 p. ;
_c24 cm.
490 1 _aSemilla y Surco ;
_v23
650 4 _aHistoria-
_xFilosofía.
_913380
700 1 _aLópez Cortezo, Pedro.
_973512
830 0 _aSemilla y surco
_v23
_9177965
852 _aES-MaACL
_jC-26717
_bR.55798
999 _c26166
_d26166